| 000 | 00936nam a2200301 i 4500 | ||
|---|---|---|---|
| 003 | EG-GICUC | ||
| 005 | 20260410101939.0 | ||
| 008 | 260410s1979 fr ||||fr|||| 00| 0 fre d | ||
| 020 | _a2717802134 | ||
| 040 |
_aEG-GiCUC _bfre _cEG-GiCUC _dEG-GiCUC _eRda |
||
| 082 | 0 | 4 |
_221 _a341.3 _bBO . D |
| 092 | 0 | 4 | _221 |
| 099 | _aLaw1 11 341.3 BO . D 1979 | ||
| 100 | 1 |
_aBourrinet,Jacques _eAuteur |
|
| 245 |
_aLe Dialogue Euro-Arabe / _cJacques Bourrinet . |
||
| 264 | 1 |
_aParis : _bEconomica , _c1979 . |
|
| 300 |
_a372 page ; _c24 cm. |
||
| 336 |
_2rda contenu _a texte |
||
| 337 |
_2rda medias _aOrdinateur |
||
| 338 |
_2 transporteur rda _a Ressource en ligne |
||
| 504 | _aBibliography: pages 200-250. | ||
| 546 | _aTexte en français | ||
| 650 | _aDroit International Public | ||
| 650 | _aRelations Internationales | ||
| 856 | 4 | 0 | _uhttps://fll.law.cu.edu.eg/fulltext/bks/B11-09777.pdf |
| 905 | _a59 | ||
| 942 |
_2ddc _n0 _cBK _e21 |
||
| 999 |
_c69925 _d69925 |
||